Física

Bibliographic Details
Main Author: Serway, Raymond A.
Format: Section = Libro
Language:Undetermined
Spanish
Published: México McGraw-Hill 1993
Edition:3a.ed.
Subjects:
LEADER 00547nam a2200229Ia 4500
008 241007s9999||||xx |||||||||||||| ||und||
020 |a 0-03-031353-8 
040 |a BIBLIOTECA-RURC/ 530 S492 
041 |a spa 
082 |a 530 S492 
100 1 |a Serway, Raymond A. 
245 1 0 |a Física 
250 |a 3a.ed. 
260 |a México  |b McGraw-Hill  |c 1993 
300 |a 1463 p. :il. 
650 7 |a FISICA 
650 7 |b ELECTRICIDAD Y MAGNETISMO 
650 7 |c  LUZ Y OPTICA 
650 7 |d  FISICA MODERNA 
942 |c BK  |2 ddc 
991 |a TEXTO 
999 |c 14406